What is populism? / (Record no. 128183)
[ view plain ]
| 000 -LEADER | |
|---|---|
| fixed length control field | 02515cam a2200373 i 4500 |
| 001 - CONTROL NUMBER | |
| control field | 19492189 |
| 003 - CONTROL NUMBER IDENTIFIER | |
| control field | ARRUPE |
| 005 - DATE AND TIME OF LATEST TRANSACTION | |
| control field | 20180919121708.0 |
| 008 - FIXED-LENGTH DATA ELEMENTS--GENERAL INFORMATION | |
| fixed length control field | 170213t20162016pau b 000 0 eng d |
| 010 ## - LIBRARY OF CONGRESS CONTROL NUMBER | |
| LC control number | 2016498872 |
| 020 ## - INTERNATIONAL STANDARD BOOK NUMBER | |
| International Standard Book Number | 9780812248982 |
| Qualifying information | (hardcover) |
| 020 ## - INTERNATIONAL STANDARD BOOK NUMBER | |
| Cancelled/invalid ISBN | 9780812293784 |
| Qualifying information | (ebook) |
| 035 ## - SYSTEM CONTROL NUMBER | |
| System control number | (OCoLC)ocn946693516 |
| 040 ## - CATALOGING SOURCE | |
| Original cataloging agency | YDXCP |
| Language of cataloging | eng |
| Transcribing agency | YDXCP |
| Description conventions | rda |
| Modifying agency | BTCTA |
| -- | BDX |
| -- | CDX |
| -- | OCLCF |
| -- | GZN |
| -- | OCLCO |
| -- | GXR |
| -- | CSAIL |
| -- | UAB |
| -- | VP@ |
| -- | OCL |
| -- | OCLCO |
| -- | GBVCP |
| -- | OCLCO |
| -- | TXI |
| -- | QGQ |
| -- | DAC |
| -- | MFS |
| -- | DLC |
| 042 ## - AUTHENTICATION CODE | |
| Authentication code | lccopycat |
| 050 00 - LIBRARY OF CONGRESS CALL NUMBER | |
| Classification number | JC423 |
| Item number | .M78395 2016 |
| 082 04 - DEWEY DECIMAL CLASSIFICATION NUMBER | |
| Classification number | 320.56/62 |
| Edition number | 23 |
| 084 ## - OTHER CLASSIFICATION NUMBER | |
| Classification number | 89.29 |
| Source of number | bcl |
| 300 ## - PHYSICAL DESCRIPTION | |
| Dimensions | 23 cm |
| 100 1# - MAIN ENTRY--PERSONAL NAME | |
| Personal name | Müller, Jan-Werner, |
| Dates associated with a name | 1970- |
| Relator term | author. |
| 9 (RLIN) | 42306 |
| 245 10 - TITLE STATEMENT | |
| Title | What is populism? / |
| Statement of responsibility, etc | Jan-Werner Müller. |
| 260 ## - PUBLICATION, DISTRIBUTION, ETC. (IMPRINT) | |
| Place of publication, distribution, etc | United States of America |
| Name of publisher, distributor, etc | Penguin Books |
| Date of publication, distribution, etc | 2017 |
| 300 ## - PHYSICAL DESCRIPTION | |
| Extent | 123 pages ; |
| 504 ## - BIBLIOGRAPHY, ETC. NOTE | |
| Bibliography, etc | Includes bibliographical references (pages 105-119) |
| 505 00 - FORMATTED CONTENTS NOTE | |
| Title | What populists say -- |
| -- | What populists do, or Populism in power -- |
| -- | How to deal with populists -- |
| -- | Conclusion: Seven theses on Populism. |
| 520 ## - SUMMARY, ETC. | |
| Summary, etc | This work argues that at populism's core is a rejection of pluralism. Populists will always claim that they and they alone represent the people and their true interests. Müller also shows that, contrary to conventional wisdom, populists can govern on the basis of their claim to exclusive moral representation of the people: if populists have enough power, they will end up creating an authoritarian state that excludes all those not considered part of the proper "people." The book proposes a number of concrete strategies for how liberal democrats should best deal with populists and, in particular, how to counter their claims to speak exclusively for "the silent majority" or "the real people." - Provided by the publisher. |
| 650 #0 - SUBJECT ADDED ENTRY--TOPICAL TERM | |
| Topical term or geographic name as entry element | Populism. |
| 9 (RLIN) | 42307 |
| 650 #0 - SUBJECT ADDED ENTRY--TOPICAL TERM | |
| Topical term or geographic name as entry element | Democracy |
| General subdivision | Philosophy. |
| 9 (RLIN) | 737 |
| 650 #0 - SUBJECT ADDED ENTRY--TOPICAL TERM | |
| Topical term or geographic name as entry element | Political science |
| General subdivision | Philosophy. |
| 9 (RLIN) | 42308 |
| 906 ## - LOCAL DATA ELEMENT F, LDF (RLIN) | |
| a | 7 |
| b | cbc |
| c | copycat |
| d | 2 |
| e | ncip |
| f | 20 |
| g | y-gencatlg |
| 942 ## - ADDED ENTRY ELEMENTS (KOHA) | |
| Source of classification or shelving scheme | Library of Congress Classification |
| Koha item type | Monograph ( Printed materials) |
| Withdrawn status | Lost status | Source of classification or shelving scheme | Damaged status | Not for loan | Collection code | Home library | Current library | Shelving location | Date acquired | Total Checkouts | Full call number | Barcode | Date last seen | Date checked out | Price effective from | Koha item type |
|---|---|---|---|---|---|---|---|---|---|---|---|---|---|---|---|---|
| Library of Congress Classification | Main Collection | ARRUPE LIBRARY | ARRUPE LIBRARY | Main Collection | 19/09/2018 | 1 | JC423 .M78395 2016 | 46600002067 | 28/01/2019 | 05/11/2018 | 19/09/2018 | Monograph ( Printed materials) |